banner-ar

معجم الكتب / (Record no. 59405)

MARC details
000 -الفاتح
حقل البيانات ثابتة الطول 00714nam a2200181Ia 4500
008 - عناصر البيانات ثابتة الطول - معلومات عامة
حقل البيانات ثابتة الطول 140319s9999 xx 000 0 ara d
040 ## - مصدر الفهرسة
وكالة الفهرسة الأصلية GCL /
وكالة النسخ GCL
082 04 - رقم تصنيف ديوى العشرى
رقم التصنيف م
رقم المادة 013.21
-- ا م
100 1# - المدخل الرئيسى - إسم شخصى
الإسم الشخصى المقدسى : جمال الدين يوسف بن حسن بن عبدالهادى الصالحى الحنبلى
245 10 - بيان العنوان
العنوان معجم الكتب /
بيان المسئوليه,etc المقدسى : جمال الدين يوسف بن حسن بن عبدالهادى الصالحى الحنبلى
700 1# - المدخل الاضافى - اسم شخصى
الإسم الشخصى عبدالله بن داود الزبيرى
700 1# - المدخل الاضافى - اسم شخصى
الإسم الشخصى يسرى عبدالغنى البشرى
650 04 - المدخل الاضافى بالموضوع-مصطلح موضوعى
مصطلح موضوعي الاسلام
650 04 - المدخل الاضافى بالموضوع-مصطلح موضوعى
مصطلح موضوعي الكتب
942 ## - عناصر المدخل الإضافي( كوها)
مصدر التصنيف او مخطط الترفيف Dewey Decimal Classification
Koha [default] item type المراجع
260 ## - PUBLICATION, DISTRIBUTION, ETC. (IMPRINT)
-- [S.N] :
-- مكتبة الساعى
Holdings
حالة التراجع حالة الفقد حالة تلف ليس للاعارة المكان المؤقت الموقع الحالى تاريخ الاكتساب اجمالي اﻻعارات رقم الطلب الباركود تاريخ اخر مشاهدة تاريخ تفعيل السعر نوع وعاء كوها
        مكتبة القاهرة الكبرى مكتبة القاهرة الكبرى 03/26/2014   م\013.21\ا م 155074 03/26/2014 03/26/2014 المراجع
        مكتبة القاهرة الكبرى مكتبة القاهرة الكبرى 03/26/2014   م\013.21\ا م 155075 03/26/2014 03/26/2014 المراجع
        مكتبة القاهرة الكبرى مكتبة القاهرة الكبرى 03/26/2014   م\013.21\ا م 155076 03/26/2014 03/26/2014 المراجع
        مكتبة القاهرة الكبرى مكتبة القاهرة الكبرى 03/26/2014   م\013.21\ا م 155077 03/26/2014 03/26/2014 المراجع
        مكتبة القاهرة الكبرى مكتبة القاهرة الكبرى 03/26/2014   م\013.21\ا م 155078 03/26/2014 03/26/2014 المراجع
        مكتبة القاهرة الكبرى مكتبة القاهرة الكبرى 03/26/2014   م\013.21\ا م 155079 03/26/2014 03/26/2014 المراجع
        مكتبة القاهرة الكبرى مكتبة القاهرة الكبرى 03/26/2014   م\013.21\ا م 155080 03/26/2014 03/26/2014 المراجع
        مكتبة القاهرة الكبرى مكتبة القاهرة الكبرى 03/26/2014   م\013.21\ا م 155081 03/26/2014 03/26/2014 المراجع

Powered By

EGPV